000 00714nam a2200301Ia 4500
005 20260401122432.0
008 008 250103s9999 xx 000 0 eng d
020 _a9780521543118
037 _aTB
040 _aEDL
040 _beng
040 _cEDL
041 _2eng
041 _aeng
084 _a791.43ROT
084 _qEDL
100 _aRothwell, Kenneth S.
_91233608
245 0 _aHistory of Shakespeare on screen: century of film and television
245 0 _cRothwell, Kenneth S.
260 _aNewYork
260 _bCambridge University Press
260 _c1999
300 _a380p
942 _cTB
942 _h791.43ROT
999 _c1847259
_d1847259